County Cork Quiz - Statistics

General Stats
  • This quiz has been taken 38 times
  • The average score is 16 of 20
Answer Stats
Hint Answer % Correct
County town of Cork Cork
100%
Province that Cork is in Munster
100%
Main river in the county town Lee
91%
It is said that if you kiss this stone, you will have "the gift of the gab" Blarney
88%
Bordering counties Kerry
88%
Bordering counties Limerick
88%
Actor and star of "Oppenheimer" and "Peaky Blinders" Cillian Murphy
84%
Last port that the Titanic left before it sank Cobh/Queenstown
84%
Bordering counties Waterford
84%
Irish Republican leader (chairman of the Provisional Government) who was killed during the Irish Civil War at Béal na Bláth. Michael Collins
81%
Bordering counties Tipperary
81%
Indoor market which was famously visited by Queen Elizabeth II English Market
75%
Famous footballer, pundit and dog owner, known for his grumpiness Roy Keane
75%
Taoiseach in the 2020s, who was health minister when Ireland became the first country to ban smoking in public in 2004 Mícheál Martin
72%
Taoiseach in the 1970s, who has a tunnel named after him Jack Lynch
66%
Famous church bells in the county town Shandon
66%
Wildlife Park which opened in 1983 Fota
63%
Historic port and fishing town with a reputation as a foodie destination and a Michelin-starred restaurant (Bastion) Kinsale
63%
Island which has had a 7th century Monastery, a 24 acre Fortress, the largest convict depot in the world in Victorian times, and a young offenders prison in the 20th Century Spike Island
63%
Rugby union fly half who is Ireland's third most-capped player and second highest points scorer. Also coached La Rochelle to consecutive European Champions Cup wins Ronan O'Gara
41%
No matching quizzes found
Score Distribution
Percent of People with Each Score
Percentile by Number Answered
Your Score History
You have not taken this quiz